| 000 | 00692nmc a2200277 a 4500 | ||
|---|---|---|---|
| 003 | AR-BaBNM | ||
| 005 | 20251128205411.0 | ||
| 008 | 037119s1997 ||||||||||||||000 | spa|| | ||
| 020 | _a950-843-249-7 | ||
| 040 | _cAR-BaBNM | ||
| 100 | 1 | _aCarol, Gabriela | |
| 245 | 1 | 0 | _aRetratos |
| 260 |
_aBuenos Aires _bVinciguerra _c1997 |
||
| 300 | 0 |
_a108 p. _bil. |
|
| 490 | 0 | _aEl libro argentino | |
| 650 | 4 | _aLITERATURA ARGENTINA | |
| 650 | 4 | _aPOESIA | |
| 650 | 4 | _aESCRITORES | |
| 650 | 4 | _aLITERATURA CONTEMPORANEA | |
| 650 | 4 | _aLITERATURA INFANTIL | |
| 653 | _aINFLUENCIA CLASICA | ||
| 655 | _aLITERATURA | ||
| 700 | 1 |
_aLego, Mizkyla _eprologuista |
|
| 942 | _cBK | ||
| 998 | _cMARTIN | ||
| 999 |
_c11278 _d11278 |
||